| 000 | 00605nam a2200169 a 4500 | ||
|---|---|---|---|
| 001 | 000030414 | ||
| 005 | 20200930062311.0 | ||
| 008 | 110517s1971 sp 000 0 spa d | ||
| 040 |
_aDO-SdBNP _bspa _cBNPHU |
||
| 100 | 1 |
_aArmytage, W. H. G. _94623 |
|
| 240 | 1 | 0 |
_aYesterday´s tomorrows. A historical survey of future societies _lEspañol |
| 245 | 1 | 0 |
_aVisión histórica del futuro / _cW. H. G. Armytage ; traductor C. Ulisses Moulines. |
| 260 |
_aBarcelona : _bPenínsula , _c1971. |
||
| 300 |
_a316 p. : ; _c20 cm. |
||
| 500 | _aTraducido del idioma inglés | ||
| 700 | 1 |
_aMoulines, C. Ulisses _etr. _957044 |
|
| 999 |
_c29906 _d29906 |
||